Music Quiz

Random Music or Artist Quiz

Artists by Genre (Clickable) Quiz Stats

 Plays Quiz not verified by Sporcle

Challenge
Share
Tweet
Embed
Score 0/62 Timer 09:00
0 Plays Today
% Correct
Pop
66.6%
Country
65.6%
Classical
62.3%
Reggae
58.4%
Hip-Hop
55.7%
Classic Rock
50.2%
Opera
48.5%
Grunge
47.9%
Disco
47.2%
Heavy Metal
42.3%
Punk
42%
Jazz
41.3%
Rnb
40.3%
Rock
39.7%
Alternative Rock
38%
Metal
37.7%
Pop Punk
37.7%
Britpop
36.7%
Hard Rock
34.8%
Electronic
33.1%
Nu-Metal
33.1%
Progressive Rock
32.8%
Emo
32.5%
Psychedelic Rock
31.8%
Dubstep
31.1%
Swing
30.8%
Baroque
29.8%
Folk
27.2%
Ska
26.9%
Soul
26.6%
Folk Rock
26.2%
% Correct
Krautrock
25.6%
Funk
24.9%
Blues Rock
23.6%
Singer-Songwriter
23.3%
Dance
23%
New Wave
22.6%
World
22.3%
Dub
21%
New Age
20.7%
Indie Rock
20.7%
Post-Punk
20%
Indie Pop
19%
Indie
18.7%
Power Metal
18.4%
Celtic Rock
18%
Rythm n Blues
18%
House
16.1%
Experimental Rock
16.1%
Celtic
14.4%
Stoner Rock
14.4%
Hardcore
13.1%
Eurodance
13.1%
Blues
13.1%
Synthpop
11.8%
Screamo
10.8%
Acid Jazz
10.8%
Rave
7.2%
New Rave
4.9%
Happy Hardcore
4.9%
Hardstyle
4.9%
Jumpstyle
2.3%

You're not logged in!

Compare scores with friends on all Sporcle quizzes.
Join for Free
OR
Log In

You Might Also Like...

Show Comments

Extras

Top Quizzes Today


Score Distribution

Your Account Isn't Verified!

In order to create a playlist on Sporcle, you need to verify the email address you used during registration. Go to your Sporcle Settings to finish the process.

Report this User

Report this user for behavior that violates our Community Guidelines.

Details: